Príprava pevnostnej simulácie rámu vozidla pomocou Simscape Multibody

Salvato in:
Dettagli Bibliografici
Autore principale: Medveczky, Tomáš (Autore)
Altri autori: Jančo, Roland (Relatore della tesi)
Natura: Manoscritto Libro
Lingua:slovacco
Pubblicazione: 2025
Soggetti:
Accesso online:http://is.stuba.sk/zp/portal_zp.pl?podrobnosti=192712
Tags: Aggiungi Tag
Nessun Tag, puoi essere il primo ad aggiungerne!!

MARC

LEADER 00000ntm a22000003a 4500
001 stuzp106354
003 SK-STU
005 20250628213039.7
007 ta
008 150427s2015----xo-----f-mn---000-0-slo-d
040 |a STU  |b slo 
041 0 |a slo 
100 1 |a Medveczky, Tomáš  |u 020010  |4 aut  |U SjF Strojnícka fakulta  |T SjF Ústav aplikovanej mechaniky a mechatroniky  |X 115798  |U J0010  |Y 801  |7 115798 
242 0 1 |a Preparation of vehicle frame stress - strain simulation using Simscape Multibody  |y eng 
245 1 0 |a Príprava pevnostnej simulácie rámu vozidla pomocou Simscape Multibody 
260 |c 2025 
650 4 |a zaťaženie rámu  |2 slo 
650 4 |a rám vozidla  |2 slo 
650 4 |a pevnostná analýza  |2 slo 
650 4 |a MATLAB Simscape Multibody  |2 slo 
650 4 |a ANSYS  |2 slo 
650 4 |a multibody simulácia  |2 slo 
650 4 |a dynamický model  |2 slo 
650 4 |a vehicle frame  |2 eng 
650 4 |a stress-strain simulation  |2 eng 
650 4 |a MATLAB Simscape Multibody  |2 eng 
650 4 |a ANSYS  |2 eng 
650 4 |a multibody simulation  |2 eng 
650 4 |a frame loading  |2 eng 
650 4 |a dynamic model  |2 eng 
700 1 |a Jančo, Roland  |u 020010  |k Z1  |4 ths  |U SjF Strojnícka fakulta  |T SjF Ústav aplikovanej mechaniky a mechatroniky  |X 2227  |U J0010  |Y 801  |7 A000002227 
856 4 |u http://is.stuba.sk/zp/portal_zp.pl?podrobnosti=192712